00326 a2200097 4500001001000000005001700010008004100027245007700068100002300145773006000168ART_4938720260410161944.0260409a 10a¿Existen los actos administrativos implícitos en materia previsional?1 aCarnota, Walter F.0 tTemas de derecho laboralg- N° 8 (ago. 2019)wREV27619